000 00793cam a2200265 4500
008 090401t1997 xxu||||| |||| 00| 0 eng d
020 _a0854068457
035 _a(Sirsi) u81173
041 _aeng
050 _a333.33
110 _aRoyal Institution of Chartered Surveyors
_94900
245 _aLinkages between listed UK property company performance and direct property market returns.
260 _aLondon
_bRICS
_c1997
300 _a41p. ; 30cm.
350 _a4.95
650 _aINVESTMENT PERFORMANCE
650 _aINVESTMENT PROPERTY DATABANK INDEX
650 _aJONES LANG WOOTTON PROPERTY INDEX
650 _aLISTED COMPANIES
650 _aPROPERTY MARKET
650 _aPROPERTY RETURNS
690 _aPROPERTY-COMMERCIAL PROPERTY
942 _n0
948 _c01/10/1997
999 _c96677
_d96677